02066nmm a2200445 a 4500003000500000005001700005007001500022008004100037010001000078011001000088035001000098040000900108041000800117090001000125100002500135245015200160264009700312300006300409336002700472337002700499338003800526511010900564516004500673538038800718546002401106590002801130590002801158590002801186590002801214590002801242590002901270650003301299650003901332650003001371905002601401942001401427949004501441999001701486952011701503CHAP20240613104326.0co ag |||aaaaa000412s1999 caua d 10 spa d a80823 a81795 a92275 cCHAP aspa aCD-4100aOgata, Nisao.98282010aArboles tropicales comunes del area maya (disco compacto) :h[disco compacto]bsistema de identificación taxonómicac/por Nisao Ogata (y otros) aCalifornia :bUniversidad de California. QTAXA. Department of Botany & Plant Science,c1999. a1 disco compacto CDc4 3/4 pulgadas (12cm.)bdigital color 2rdacontentatextobtxt 2rdamediaaordenadoebc 2rdacarrieradisco computadorabcd aNisao Ogata Arturo Gómez Pompa Araceli Aguilar-Meléndez Roberto Castr-Cortés Orlay Edward Plummer. aDocumento Texto (Informes y resúmenes) aComputadora Pentium, al menos 90 Mhz de velocidad, monitor de al menos 256 colores con una ressolución DE 800x600 y al menos 16x MB RAM. Manejador (drive) para cd-roms de al menos 6x de velocidad. Windows95,98. En WindowsNT, podrá acceder a las bases de datos más no al módulo de identificación Online256. 32 bit ODBC software del sistema para archivos e Microsoft Acess 97 aTexto en español. aBATCH-UPDb10c20130110 aBATCH-UPDb10c20130110 aBATCH-UPDb10c20130409 aBATCH-UPDb10c20130410 aBATCH-UPDb10c20130914 aCONVERSIONb10c2013010914aÁrboles tropicales.98244814aÁrbolesxClasificación.98243514aÁrbolesxYucatan.96658 aAlejandra Carrasco M. cCD2local aCD-41bBCcCDd33724000757316eCDi92275 c80823d80823 00102ddc4051708MMaBCbBCcPP_MMd2012-12-17l0oCD-41p33724000757316r2019-12-31 00:00:00w2019-12-31yCD